| 000 | 02613cam a22004694i 4500 | ||
|---|---|---|---|
| 003 | PE-LiUPU | ||
| 005 | 20250731183429.0 | ||
| 008 | 150706s r 000 0 d | ||
| 020 | _a9788496453326 | ||
| 020 | _a8496453324 | ||
| 035 | _a(Sirsi) i9788496453326 | ||
| 040 |
_aPE-LiUPU _bspa _cPE-LiUPU _erda |
||
| 049 | _aPRUA | ||
| 082 | 0 | 4 |
_a711.434 _bS683p _221 |
| 100 | 1 |
_aSoja, Edward W., _eautor. |
|
| 245 | 1 | 0 |
_aPostmetrópolis : _bestudios críticos sobre las ciudades y las regiones / _cEward W. Soja, traducido por Verónica hendel y Mónica Cifuentes. |
| 264 | 1 |
_aMadrid : _bTraficantes de Sueños, _c2008. |
|
| 300 |
_a594 páginas : _bilustraciones ; _c22 cm. |
||
| 336 |
_atext _2rdacontent |
||
| 337 |
_aunmediated _2rdamedia |
||
| 338 |
_avolume _2rdacarrier |
||
| 505 | 0 | _aRecartografiar la geohistoria del espacio urbano -- Las ciudades primero -- La segunda revolución urbana -- La tercera revolución urbana. Modernidad y capitalismo urbano-industrial -- La metrópolis en crisis -- Una introducción a la conurbación del Gran Los Ángeles -- Seis discursos sobre la postmetrópolis -- La metrópolis industrial postfordista. Reestructurar la economía geopolítica del urbanismo -- Cosmópolis. La globalización del espacio urbano -- Exópolis. la reestructuración de la forma urbana -- La ciudad fractal. Metropolaridades y el mosaico social reestructurado -- El archipiélago carcelario. Gobernar el espacio en la postmetrópolis -- Simcities. la reestructuración del imaginario urbano -- El espacio habitado: repensar 1992 en Los Ángeles -- Los Ángeles. obertura a una conclusión -- Los Ángeles 1992. los espacios de representación -- Reflexiones críticas sobre la postmetrópolis. | |
| 526 | _aP158 | ||
| 526 | _aP146 | ||
| 526 | _aP17 | ||
| 526 | _aP12 | ||
| 526 | _aP06 | ||
| 650 | 0 | 4 | _aÁreas metropolitanas. |
| 650 | 0 | 4 |
_aUrbanización. _93412 |
| 650 | 0 | 4 | _aPostmodernismo. |
| 650 | 0 | 4 | _aSociología urbana. |
| 650 | 0 | 4 |
_aDesarrollo urbano _zLos Ángeles. |
| 700 | 1 |
_aHendel, Verónica, _etr. |
|
| 700 | 1 |
_aCifuentes, Mónica, _etr. |
|
| 910 | _agl | ||
| 942 |
_2ddc _cBOOK |
||
| 949 |
_a711.434 S65 _wDEWEY _c1 _i63792 _lCCODEBUL1 _mBUL _p92.00 _r0 _sY _tBOOK _u2015-7-6 _xINGENIERIA _o.STAFF. Colección General |
||
| 949 |
_a711.434 S65 _wDEWEY _c2 _i73908 _lCCODEBUL1 _mBUL _p60.50 _r0 _sY _tBOOK _u2016-06-22 _xINGENIERIA _o.STAFF. Colección General |
||
| 999 |
_c52684 _d52684 |
||
| 980 |
_81 _gALBERTO SANCHEZ Responsable de Automatización |
||